000
00253nam a2200097Ia 4500
001
681394
005
20250826161359.0
008
250824s9999 xx 000 0 und d
245
0
_a
KÖMÜR KARASI ÇOCUK
_c
MÜGE İPLİKÇİ
260
_b
GÜNIŞIĞI YAYINLARI
999
_c
681394
_d
681394